| 000 | 00437nam a2200169 a 4500 | ||
|---|---|---|---|
| 005 | 20140310183248.0 | ||
| 008 | 040921s19uu xx 00 eng d | ||
| 020 | _a0750651865 | ||
| 050 |
_aG 155.A1 _b.Ad29 2003 |
||
| 245 | _aAdventure tourism the new frontier / | ||
| 260 |
_aOxford : _bButterworth, _c2003. |
||
| 300 |
_a354 p. : _bill. ; _c24 cm. |
||
| 521 | _aTOU | ||
| 650 | _aTourism. | ||
| 942 |
_cBK _2lcc _kFOR |
||
| 999 |
_c20736 _d20736 |
||